| 000 | 00344nam a2200109Ia 4500 | ||
|---|---|---|---|
| 008 | 171211s9999 xx 000 0 und d | ||
| 245 | 4 | _aThe Enjoyment of Music: An Introduction to Perceptive Listening | |
| 245 | _cJoseph Machlis and Kristine Forney | ||
| 260 | _c2011 | ||
| 650 | _xmusic | ||
| 856 | _uhttp://down.ebook777.com/062/0393934152.pdf | ||
| 999 |
_c348653 _d348653 |
||